1657 1614 1490 1264 1050 1868 1329 1103 1794 1452 1837 1779 1088 1412 1237 1254 1047 1744 1072 1332 1128 1586 1969 1751 1093 1036 1712 1276 1183 1128 1509 1315 1251 1094 1065 1447 1627 1653 1723 1356 1606 1747 1208 1118 1712 1812 1630 1777 1185 1204 1297 1446 1684 1518 1502 1223 1268 1425 1995 1868 1790 1927 1807 1300 1573 1243 1155 1794 1788 1246 1187 1398 1441 1931 1366 1141 1478 1577 1770 1276 1382 1213 1209 1377 1319 1288 1094 1962 1509 1971 1691 1032 1178 1452 1486 1291 1249 1406 1511 BCNSPRNW ULIB Ver.6.0+V

เปลี่ยนเป็นภาษาไทย

Change to English
 แสดงรายละเอียดบรรณานุกรม
  กลับหน้าหลัก

Brief Record : Get Marc (ISO 2709) : E-mail record : QR code < ปิดหน้าต่าง
LEADER : 00000nam 2200000uu 4500
001    13399114500
003     ULIB
008    120410s2010||||th 000 0 eng d
020    ^a9780071606387
060 04 ^aWY154^bT329C
100 1  ^aCynthia Lee Terry.&Aurora Weaver
245 10 ^aCritical care nursing /^cCynthia Lee Terry.&Aurora Weaver
260    ^aNew York. :^bMc Graw Hill Medical,^c2010.
300    ^a479 p. :^bcol. ill. ;^c28 cm.
650  0 ^aCritical Care nursing
700    ^aAurora Weaver
945    ^p0^l0^i031621
995    ^aKesorn
999    ^aใช้งานได้ทุกระบบ
รายการนี้ยังไม่มีแท็ก
คุณยังไม่ได้ล็อกอิน คุณสามารถมีกิจกรรมร่วมกับเว็บไซต์ได้ แต่ต้องล็อกอินก่อน ::
  ล็อกอิน

รายการสื่อสารสนเทศ

ลำดับที่ ประเภท เลขเรียก/บาร์โค้ด สถานที่ สถานะ
- ไม่พบข้อมูล -

รายการใกล้เคียง
    หัวเรื่อง [Critical Care nursing]

BibComment


ยังไม่เคยถูกคอมเมนท์

คอมเมนท์ทรัพยากรรายการนี้
  คอมเมนท์: Critical care nu..


 Copyright 2026. Bcnsprnw @Library